000 00717nam a2200229 a 4500
005 20250307063829.0
008 031105s1996 mx r 000 0 spa d
020 _a8477384398
035 _aUPN01000130697
049 _aCG
050 4 _aHB75
_bB4.4
100 1 _aBerzosa, Carlos
245 1 0 _aEstructura económica mundial /
_cCarlos Berzosa, Pablo Bustelo, Jesús de la Iglesia.
260 _aMadrid :
_bSíntesis,
_c[1996]
300 _a495 p. :
_bcuadros, figs.
440 0 _aEconomía general ;
_v1
650 7 _aHistoria económica
_2
_910243
650 4 _aRelaciones económicas internacionales
_98185
700 1 _aBustelo, Pablo,
_ecoaut.
700 1 _aIglesia, Jesús de la,
_ecoaut.
905 _aLibro
999 _c102854
_d102854